| 000 | 00626nam a2200229 a 4500 | ||
|---|---|---|---|
| 005 | 20140310183519.0 | ||
| 008 | 110720s19uu xx 00 eng d | ||
| 020 | _a0071088822 | ||
| 050 |
_aHF 5549.5.C67 _b.M644 2011 |
||
| 100 | _aMilkovich, George T. | ||
| 245 |
_aCompensation / _cMilkovich, George T. |
||
| 250 | _a10th ed. | ||
| 260 |
_aNew York : _bMcGraw-Hill/Irwin, _c2011. |
||
| 300 |
_a689 p. : _bill. ; _c24 cm. |
||
| 520 | _aIncludes index. | ||
| 521 | _aBSBA | ||
| 650 | _aCompensation management. | ||
| 700 | _aNewman, Jerry M. | ||
| 700 | _aGerhart, Barry | ||
| 942 |
_cBK _2lcc _kFOR |
||
| 999 |
_c24369 _d24369 |
||